[Event "4NCL/Div2/BRI1 vs. WRO"]
[Site "Birmingham ENG"]
[Date "2005.11.20"]
[Round "4.6"]
[White "Adams, David M"]
[Black "Sherwin, James T"]
[Result "0-1"]
[WhiteElo "2235"]
[BlackElo "2274"]
[PlyCount "72"]
[EventDate "2005.11.20"]
[SourceDate "2005.10.25"]

1. e4 c5 2. Nf3 d6 3. Bb5+ Nd7 4. d4 cxd4 5. Qxd4 Ngf6 6. O-O a6 7. Bc4 e6 8.
a4 Qc7 9. Nc3 Be7 10. Ba2 O-O 11. Bg5 Ne5 12. Rad1 Rd8 13. Bh4 Ng6 14. Bg5 b6
15. h3 h6 16. Be3 Rb8 17. Nd2 b5 18. axb5 axb5 19. Bb3 b4 20. Na4 d5 21. exd5
Nxd5 22. Qc4 Qa5 23. Qe4 Ba6 24. Nc4 Bxc4 25. Qxc4 Nxe3 26. fxe3 Qe5 27. Rd3
Rxd3 28. Qxd3 Rd8 29. Qe2 Bd6 30. Qf3 Qh2+ 31. Kf2 Nh4 32. Qb7 Nf5 33. Qf3 Bg3+
34. Ke2 Bh4 35. Rd1 Ng3+ 36. Qxg3 Qxg3 0-1

[Event "4NCL/Div2/BRI1 vs. WRO"]
[Site "Birmingham ENG"]
[Date "2005.11.20"]
[Round "4.7"]
[White "Buckley, David E"]
[Black "Barrett, Steve J"]
[Result "1/2-1/2"]
[WhiteElo "2246"]
[BlackElo "2188"]
[PlyCount "45"]
[EventDate "2005.11.20"]
[SourceDate "2005.10.25"]

1. c4 Nf6 2. Nc3 g6 3. d4 Bg7 4. g3 O-O 5. Bg2 d6 6. Nf3 c6 7. O-O Qa5 8. e4
Bg4 9. h3 Bxf3 10. Bxf3 Qb4 11. Be2 Nfd7 12. a3 Qb6 13. Be3 c5 14. Nd5 Qd8 15.
dxc5 e6 16. Nc3 dxc5 17. f4 Nc6 18. e5 f6 19. Bg4 Qe7 20. Nd5 exd5 21. Qxd5+
Rf7 22. e6 Kh8 23. Qxd7 1/2-1/2

[Event "4NCL/Div2/BRI1 vs. WRO"]
[Site "Birmingham ENG"]
[Date "2005.11.20"]
[Round "4.8"]
[White "Guo, Xi-Yang"]
[Black "James, Ann-Marie"]
[Result "1-0"]
[WhiteElo "1773"]
[BlackElo "2082"]
[PlyCount "120"]
[EventDate "2005.11.20"]
[SourceDate "2005.10.25"]

{Game played for rating purposes only} 1. e4 d5 2. exd5 Nf6 3. d4 Bg4 4. Be2
Bxe2 5. Nxe2 Qxd5 6. O-O Nc6 7. Nbc3 Qf5 8. Ng3 Qd7 9. Nce2 O-O-O 10. Be3 h5
11. Re1 h4 12. Nf1 h3 13. g3 Qf5 14. Nd2 e5 15. c3 Ng4 16. Qb1 Qe6 17. b4 f5
18. b5 Ne7 19. Qb3 Qg6 20. Nf3 f4 21. Bc1 fxg3 22. Nxg3 Nf5 23. Nxe5 Nxe5 24.
Rxe5 Nxg3 25. fxg3 Kb8 26. Bf4 Bd6 27. Re6 Qd3 28. Bxd6 Rxd6 29. Rae1 Rxe6 30.
Qxe6 Qxb5 31. Qe5 Qc6 32. d5 Qc5+ 33. Qd4 Qxd4+ 34. cxd4 Rd8 35. Re5 c6 36.
dxc6 bxc6 37. Re4 g5 38. Kf2 Kc7 39. Kf3 Rb8 40. Re2 Kd6 41. Ke3 Re8+ 42. Kd3
Rxe2 43. Kxe2 Kd5 44. Kd3 a5 45. g4 c5 46. dxc5 Kxc5 47. Ke4 Kb4 48. Kf5 Ka3
49. Kxg5 Kxa2 50. Kh4 a4 51. g5 a3 52. g6 Kb1 53. g7 a2 54. g8=Q a1=Q 55. Qg1+
Kb2 56. Qxa1+ Kxa1 57. Kxh3 Kb2 58. Kg4 Kc3 59. h4 Kd4 60. h5 Ke5 1-0

[Event "4NCL/Div2/WES1 vs. WWKS1"]
[Site "Birmingham ENG"]
[Date "2005.11.20"]
[Round "4.1"]
[White "Allicock, Rawle A"]
[Black "Wu, Li"]
[Result "0-1"]
[WhiteElo "2303"]
[BlackElo "2287"]
[PlyCount "52"]
[EventDate "2005.11.20"]
[SourceDate "2005.10.25"]

1. d4 Nf6 2. Nf3 g6 3. g3 Bg7 4. Bg2 O-O 5. O-O d6 6. b3 c5 7. Bb2 cxd4 8. Nxd4
d5 9. Qc1 Nc6 10. Rd1 Qb6 11. c4 Ng4 12. c5 Qb4 13. a3 Nxd4 14. Bxd4 Qxd4 15.
Rxd4 Bxd4 16. Nc3 Bxf2+ 17. Kf1 Be3 18. Qb2 Nxh2+ 19. Ke1 e6 20. Bxd5 exd5 21.
Nxd5 Bg5 22. Qe5 Bf5 23. Nc7 Rac8 24. c6 bxc6 25. b4 Ng4 26. Qd6 Rfd8 0-1

[Event "4NCL/Div2/WES1 vs. WWKS1"]
[Site "Birmingham ENG"]
[Date "2005.11.20"]
[Round "4.2"]
[White "Mason, Don"]
[Black "Webb, Richard M"]
[Result "1/2-1/2"]
[WhiteElo "2277"]
[BlackElo "2302"]
[PlyCount "81"]
[EventDate "2005.11.20"]
[SourceDate "2005.10.25"]

1. e4 c5 2. c3 Nf6 3. e5 Nd5 4. d4 cxd4 5. cxd4 d6 6. Nf3 Nc6 7. Bc4 Nb6 8. Bb3
dxe5 9. d5 Na5 10. Nc3 Nxb3 11. Qxb3 e6 12. Nxe5 exd5 13. Be3 Bd6 14. Qb5+ Kf8
15. Nf3 Be6 16. Rd1 Qe8 17. O-O Qxb5 18. Nxb5 Be7 19. Nfd4 Bd7 20. Rc1 a6 21.
Nc7 Rc8 22. Nb3 Nc4 23. Nxd5 Nxe3 24. Rxc8+ Bxc8 25. Rc1 Be6 26. fxe3 Bd8 27.
Nc5 Bxd5 28. Rd1 Bg5 29. Rxd5 Bxe3+ 30. Kf1 g6 31. Rd8+ Kg7 32. Rxh8 Kxh8 33.
Nxb7 Kg7 34. Ke2 Bg1 35. h3 Kf6 36. Kd3 Ke5 37. Nd8 f5 38. Nc6+ Kf4 39. Ke2 Ke4
40. Nb4 a5 41. Nd3 1/2-1/2

[Event "4NCL/Div2/WES1 vs. WWKS1"]
[Site "Birmingham ENG"]
[Date "2005.11.20"]
[Round "4.3"]
[White "Corkett, Anthony R"]
[Black "Thomas, Nicholas"]
[Result "1/2-1/2"]
[WhiteElo "2354"]
[BlackElo "2234"]
[PlyCount "207"]
[EventDate "2005.11.20"]
[SourceDate "2005.10.25"]

1. d4 e6 2. g3 f5 3. c4 Nf6 4. Bg2 Be7 5. Nc3 O-O 6. Nf3 Ne4 7. Qd3 Nxc3 8.
Qxc3 a5 9. O-O Nc6 10. Ne5 Nb4 11. Nd3 Bf6 12. Nxb4 axb4 13. Qd3 d6 14. d5 Qe8
15. dxe6 Bxe6 16. Bxb7 Rb8 17. Bd5 Bxd5 18. Qxd5+ Kh8 19. Qd3 Qh5 20. Kg2 Rfe8
21. e3 Re6 22. a4 bxa3 23. Rxa3 Be5 24. Qd1 Qe8 25. b3 g6 26. Qf3 Bc3 27. Rd1
Re4 28. Rd3 Bf6 29. Bd2 Qc6 30. Ra5 Ra8 31. Rxa8+ Qxa8 32. Bc3 Bxc3 33. Rxc3
Kg7 34. Rd3 Qa1 35. Qd1 Qa8 36. Rd5 Kf7 37. Kg1 Qa3 38. Qc2 Qa1+ 39. Rd1 Qe5
40. b4 Qe6 41. c5 Rc4 42. cxd6 Rxc2 43. d7 Rc1 44. d8=Q Rxd1+ 45. Qxd1 Ke7 46.
Qd4 h5 47. Kg2 Qd6 48. Kf3 Qc6+ 49. Kf4 Qg2 50. e4 Qxh2 51. exf5 gxf5 52. Kxf5
Qh3+ 53. Kg5 Qh1 54. Qg7+ Kd6 55. Qh6+ Kd7 56. Qxh5 Qd5+ 57. Kg4 Qe4+ 58. f4
Qxb4 59. Qf5+ Kd8 60. Qd5+ Kc8 61. Qe6+ Kb7 62. Kg5 c5 63. Qd5+ Kb6 64. Qd6+
Kb5 65. f5 Qd4 66. Qb8+ Ka4 67. Qe8+ Kb3 68. Qe6+ c4 69. g4 Kb2 70. Qe2+ Ka3
71. f6 Qd5+ 72. Kg6 Qg8+ 73. Kf5 Kb3 74. Qd1+ Kb2 75. Qe2+ Kb3 76. g5 Qc8+ 77.
Qe6 Qxe6+ 78. Kxe6 c3 79. f7 c2 80. f8=Q c1=Q 81. Qb8+ Ka2 82. Qa7+ Kb1 83.
Qb6+ Ka2 84. Qa6+ Kb1 85. Qb5+ Ka2 86. Qa5+ Kb1 87. Qf5+ Ka2 88. Qd5+ Kb1 89.
Qe4+ Ka2 90. g6 Qc8+ 91. Kf6 Qf8+ 92. Kg5 Qd8+ 93. Kg4 Qd7+ 94. Kf4 Qd2+ 95.
Kf3 Qc3+ 96. Ke2 Qf6 97. Kd2 Qg5+ 98. Kd3 Qg3+ 99. Ke2 Qh2+ 100. Ke3 Qg3+ 101.
Kd4 Qg1+ 102. Kc4 Qc1+ 103. Kd5 Qg5+ 104. Ke6 1/2-1/2

[Event "4NCL/Div2/WES1 vs. WWKS1"]
[Site "Birmingham ENG"]
[Date "2005.11.20"]
[Round "4.4"]
[White "Pitcher, John"]
[Black "Simons, Martin J"]
[Result "1-0"]
[WhiteElo "2183"]
[BlackElo "2293"]
[PlyCount "119"]
[EventDate "2005.11.20"]
[SourceDate "2005.10.25"]

1. e4 d5 2. exd5 Nf6 3. Bb5+ Nbd7 4. Nc3 a6 5. Be2 Nb6 6. Nf3 Nbxd5 7. Nxd5
Nxd5 8. d4 g6 9. O-O Bg7 10. c4 Nf6 11. Bf4 O-O 12. h3 c5 13. Be5 cxd4 14. Qxd4
Qxd4 15. Nxd4 Ne4 16. Bxg7 Kxg7 17. Rfd1 e5 18. Nb3 f5 19. Rac1 b6 20. c5 Nxc5
21. Nxc5 bxc5 22. Rxc5 Re8 23. Rc7+ Kh6 24. Rd6 Be6 25. b3 a5 26. Bb5 Rec8 27.
Re7 Rc1+ 28. Kh2 Rb8 29. Bd7 Bxd7 30. Rdxd7 Rh8 31. Rxe5 a4 32. bxa4 Rc2 33. a5
Rxa2 34. Kg3 Ra8 35. Ree7 Rh8 36. Ra7 Ra4 37. h4 Rg4+ 38. Kh3 Ra4 39. f3 Ra3
40. a6 Ra4 41. Kg3 Ra2 42. Rf7 Ra4 43. Kh3 Ra3 44. Rfd7 Ra4 45. g4 fxg4+ 46.
fxg4 Ra3+ 47. Kg2 Ra2+ 48. Kf3 Ra3+ 49. Ke2 Ra2+ 50. Kd3 Ra4 51. g5+ Kh5 52.
Rxh7+ Rxh7 53. Rxh7+ Kg4 54. a7 Kf5 55. Kc3 Kg4 56. Kb3 Ra1 57. Kb4 Ra6 58. Kb5
Rxa7 59. Rxa7 Kxh4 60. Kc4 1-0

[Event "4NCL/Div2/WES1 vs. WWKS1"]
[Site "Birmingham ENG"]
[Date "2005.11.20"]
[Round "4.5"]
[White "Neil, David R"]
[Black "Hunt, Malcolm A"]
[Result "1-0"]
[WhiteElo "2181"]
[BlackElo "2108"]
[PlyCount "49"]
[EventDate "2005.11.20"]
[SourceDate "2005.10.25"]

1. c4 c6 2. e4 d5 3. exd5 cxd5 4. d4 Nf6 5. Nc3 Nc6 6. Bf4 dxc4 7. Bxc4 e6 8.
Nf3 Be7 9. O-O O-O 10. Qd2 a6 11. a4 Nb4 12. Rfd1 Bd7 13. Ne5 Rc8 14. Bb3 Bc6
15. Nxc6 Rxc6 16. Be5 Qc8 17. Rac1 Rd8 18. Qg5 h6 19. Qg3 Bd6 20. Qf4 Bxe5 21.
dxe5 Nfd5 22. Qd4 Rd7 23. Kf1 Nxc3 24. Qxd7 Nxd1 25. Qxc8+ 1-0

[Event "4NCL/Div2/WES1 vs. WWKS1"]
[Site "Birmingham ENG"]
[Date "2005.11.20"]
[Round "4.6"]
[White "Baruch, Andrew J D"]
[Black "Yeo, Michael J"]
[Result "1-0"]
[WhiteElo "2056"]
[BlackElo "2200"]
[PlyCount "73"]
[EventDate "2005.11.20"]
[SourceDate "2005.10.25"]

1. e4 e5 2. Nf3 Nc6 3. Bb5 a6 4. Ba4 d6 5. d3 Bg4 6. c3 Qf6 7. Nbd2 Nge7 8. h3
Bd7 9. Nf1 h6 10. Ne3 O-O-O 11. b4 g5 12. b5 axb5 13. Bxb5 Nb8 14. Qb3 c6 15.
Bc4 Be6 16. Rb1 Rd7 17. Bxe6 Qxe6 18. Nc4 Rc7 19. Bxg5 Nd7 20. Qa3 Kb8 21. Be3
Nc8 22. Na5 d5 23. Qb2 b6 24. c4 d4 25. Bxd4 exd4 26. Nxd4 Bg7 27. Ndxc6+ Rxc6
28. Nxc6+ Qxc6 29. Qxg7 Re8 30. O-O f5 31. exf5 Re7 32. Qg6 Qc7 33. Qxh6 Ne5
34. f6 Rh7 35. Qe3 Ng4 36. Qg3 Ne5 37. c5 1-0

[Event "4NCL/Div2/WES1 vs. WWKS1"]
[Site "Birmingham ENG"]
[Date "2005.11.20"]
[Round "4.7"]
[White "Jenks, Bruce"]
[Black "Cooper, David M"]
[Result "1-0"]
[WhiteElo "2120"]
[BlackElo "2061"]
[PlyCount "115"]
[EventDate "2005.11.20"]
[SourceDate "2005.10.25"]

1. c4 b6 2. e4 Bb7 3. Nc3 e6 4. d3 Bb4 5. Nge2 Ne7 6. a3 Bxc3+ 7. Nxc3 O-O 8.
Be2 f5 9. O-O a5 10. Bf3 Na6 11. Bg5 Qe8 12. Bxe7 Qxe7 13. exf5 Bxf3 14. Qxf3
Qg5 15. Ne4 Qxf5 16. Qxf5 exf5 17. Nc3 Nc5 18. Rad1 c6 19. d4 Ne6 20. d5 Nc5
21. dxc6 dxc6 22. Rd6 Rac8 23. f3 Nb7 24. Rd7 Nc5 25. Rd6 Nb7 26. Rd2 Rcd8 27.
Rfd1 Rxd2 28. Rxd2 Rd8 29. Rxd8+ Nxd8 30. Kf2 Kf7 31. Ke3 Kf6 32. b4 axb4 33.
axb4 g5 34. b5 cxb5 35. cxb5 Ne6 36. Nd5+ Kf7 37. g4 fxg4 38. fxg4 Kg6 39. Ke4
h5 40. Ke5 Nc5 41. h3 hxg4 42. hxg4 Na4 43. Kd6 Kf7 44. Kc6 Ke6 45. Nxb6 Nc3
46. Nc4 Nxb5 47. Kxb5 Kd5 48. Ne3+ Ke5 49. Nf5 Kd5 50. Nh6 Ke5 51. Kc5 Kf6 52.
Kd6 Kg6 53. Nf5 Kf6 54. Ng3 Kf7 55. Ke5 Kg6 56. Ke6 Kg7 57. Kf5 Kh6 58. Ne4 1-0

[Event "4NCL/Div2/WES1 vs. WWKS1"]
[Site "Birmingham ENG"]
[Date "2005.11.20"]
[Round "4.8"]
[White "Chevannes, Sabrina"]
[Black "Khoo, Selina"]
[Result "1/2-1/2"]
[WhiteElo "2100"]
[BlackElo "1997"]
[PlyCount "83"]
[EventDate "2005.11.20"]
[SourceDate "2005.10.25"]

1. d4 d5 2. Nf3 Nf6 3. e3 Bf5 4. c4 c6 5. Nc3 e6 6. Be2 Be7 7. O-O Nbd7 8. cxd5
cxd5 9. Nd2 O-O 10. f3 Bg6 11. Nb3 Rc8 12. Bd3 Bb4 13. Bxg6 hxg6 14. Bd2 Nb6
15. Qe2 Nc4 16. Be1 a6 17. Nd1 Be7 18. Nf2 a5 19. Nd3 b5 20. Bf2 Nd7 21. e4
dxe4 22. fxe4 a4 23. Nd2 Qa5 24. Nf3 Rfd8 25. b3 Ncb6 26. Nfe5 Nxe5 27. Nxe5
Rf8 28. Qg4 Bf6 29. Be1 Qa7 30. Bg3 Nd7 31. Bf2 Bxe5 32. dxe5 Qc7 33. bxa4 bxa4
34. Bg3 Qc5+ 35. Kh1 Nxe5 36. Qh4 Nc4 37. Bf2 Qc6 38. Rac1 Qb7 39. Qf4 Na5 40.
Rb1 Qe7 41. Be1 Nc6 42. Rf3 1/2-1/2

[Event "4NCL/Div2/SWD1 vs. NWE2"]
[Site "Birmingham ENG"]
[Date "2005.11.20"]
[Round "4.1"]
[White "Cobb, James E"]
[Black "Lyell, Mark"]
[Result "1/2-1/2"]
[WhiteElo "2343"]
[BlackElo "2203"]
[PlyCount "232"]
[EventDate "2005.11.20"]
[SourceDate "2005.10.25"]

1. d4 d5 2. c4 Nc6 3. Nc3 dxc4 4. d5 Ne5 5. Bf4 Ng6 6. Bg3 e5 7. e4 Bd6 8. Bxc4
N8e7 9. h4 O-O 10. h5 Nf4 11. Bxf4 exf4 12. Qd2 c6 13. h6 cxd5 14. hxg7 Kxg7
15. Bxd5 Ng6 16. O-O-O Qb6 17. Bxf7 Rxf7 18. Qxd6 Qxf2 19. Nf3 Rd7 20. Qb4 Qb6
21. Qa3 Rxd1+ 22. Rxd1 Bg4 23. Kb1 Rc8 24. Qd6 Qxd6 25. Rxd6 Re8 26. Kc2 h5 27.
Ne1 h4 28. Nd3 f3 29. gxf3 Bxf3 30. Nf2 Ne5 31. Nd5 Rc8+ 32. Kb3 Rf8 33. Ne7
Rf4 34. Nf5+ Kf7 35. Rh6 Ng6 36. Kc3 Kf6 37. Kd4 Bxe4 38. Nd6 Bc6+ 39. Ke3 Rf3+
40. Ke2 Kg5 41. Rh7 Nf4+ 42. Ke1 Ng2+ 43. Ke2 Kg6 44. Rc7 Nf4+ 45. Ke1 h3 46.
Nxb7 Bxb7 47. Nxh3 Nxh3 48. Rxb7 Rf7 49. Rb3 Nf4 50. Kd2 Kf5 51. Kc3 Ke5 52.
Kb4 Kd6 53. Ka5 Ne6 54. Rd3+ Kc6 55. Rc3+ Kb7 56. Rb3+ Kc8 57. Re3 Nc7 58. b4
Rf5+ 59. Ka4 Kb7 60. Rh3 Rf7 61. Rg3 Nd5 62. Kb3 Nb6 63. Rg5 Rd7 64. Kc3 a6 65.
b5 a5 66. Rh5 Rc7+ 67. Kd4 Rc4+ 68. Kd3 Ra4 69. Rh7+ Kc8 70. Rh2 Nd5 71. Rh7
Nb6 72. Rh2 Kc7 73. Rc2+ Kb7 74. Rh2 Nd5 75. Rf2 Kb6 76. Rf5 Nc7 77. Rf2 Nxb5
78. Rb2 Kc5 79. Rc2+ Kb6 80. Rb2 Ra3+ 81. Kc2 Kc5 82. Kb1 a4 83. Rc2+ Kb4 84.
Rb2+ Kc4 85. Rc2+ Rc3 86. Rh2 Rd3 87. Rc2+ Kd4 88. Rh2 a3 89. Rh4+ Kc3 90. Rh1
Kb4 91. Rh4+ Rd4 92. Rxd4+ Nxd4 93. Ka1 Nc2+ 94. Kb1 Kc3 95. Kc1 Nd4 96. Kb1
Nc2 97. Kc1 Nb4 98. Kb1 Nd5 99. Ka1 Ne3 100. Kb1 Nc4 101. Ka1 Kd2 102. Kb1 Kd1
103. Ka1 Nb2 104. Kb1 Kd2 105. Ka1 Kc3 106. Kb1 Nc4 107. Ka1 Nb2 108. Kb1 Na4
109. Ka1 Nb6 110. Kb1 Nc4 111. Ka1 Kb4 112. Kb1 Nb2 113. Ka1 Nd3 114. Kb1 Nc5
115. Ka1 Nb3+ 116. axb3 Kxb3 1/2-1/2

[Event "4NCL/Div2/SWD1 vs. NWE2"]
[Site "Birmingham ENG"]
[Date "2005.11.20"]
[Round "4.2"]
[White "Hulmes, David I"]
[Black "Cooper, John G"]
[Result "0-1"]
[WhiteElo "2206"]
[BlackElo "2347"]
[PlyCount "114"]
[EventDate "2005.11.20"]
[SourceDate "2005.10.25"]

1. e4 e5 2. Nf3 Nc6 3. Bb5 a6 4. Ba4 Nf6 5. O-O Be7 6. Re1 b5 7. Bb3 d6 8. c3
O-O 9. h3 Nb8 10. d4 Nbd7 11. Nbd2 Bb7 12. Bc2 Re8 13. Nf1 Bf8 14. Ng3 g6 15.
a4 c5 16. d5 c4 17. Nh2 Nc5 18. Bg5 h6 19. Be3 Rb8 20. axb5 axb5 21. Ng4 Nxg4
22. hxg4 Bc8 23. f3 b4 24. Qc1 bxc3 25. bxc3 Nb3 26. Bxb3 cxb3 27. Rb1 Ba6 28.
Qd1 Bc4 29. Ne2 Be7 30. g3 Bg5 31. Qd2 Bxe3+ 32. Qxe3 Qb6 33. Qxb6 Rxb6 34. Rb2
Ra8 35. Nc1 Kg7 36. Kf2 h5 37. gxh5 Rh8 38. g4 gxh5 39. gxh5 Rxh5 40. Rg1+ Kf6
41. Ke3 Rh3 42. Re1 Ke7 43. Nd3 f5 44. exf5 Bxd5 45. Rf2 Kf6 46. Nb4 Bc4 47.
Ke4 Rb5 48. Rd1 Rh4+ 49. f4 d5+ 50. Nxd5+ Rxd5 51. Rg1 Rxf4+ 52. Rxf4 exf4 53.
Kxf4 b2 54. Ke4 Rb5 55. Kd4 Bf7 56. Rb1 Ba2 57. c4 Bxb1 0-1

[Event "4NCL/Div2/SWD1 vs. NWE2"]
[Site "Birmingham ENG"]
[Date "2005.11.20"]
[Round "4.3"]
[White "Jones, Richard S"]
[Black "Lund, D Brett"]
[Result "1-0"]
[WhiteElo "2310"]
[BlackElo "2231"]
[PlyCount "63"]
[EventDate "2005.11.20"]
[SourceDate "2005.10.25"]

1. e4 c5 2. Nf3 e6 3. d4 cxd4 4. Nxd4 a6 5. c4 Nf6 6. Nc3 d6 7. Be2 Bd7 8. O-O
Nc6 9. Be3 Rc8 10. f4 Be7 11. Qe1 O-O 12. Qg3 Nxd4 13. Bxd4 Bc6 14. Rad1 Qa5
15. Bd3 g6 16. f5 e5 17. Be3 b5 18. Bh6 bxc4 19. Bxf8 Kxf8 20. Bb1 Kg7 21. Kh1
Qc5 22. Rf2 Rf8 23. Rdf1 Nh5 24. Qg4 Qd4 25. Rf3 Nf6 26. Qh4 Nxe4 27. Qxe7 Nd2
28. Rh3 Nxf1 29. f6+ Kg8 30. Rxh7 Bxg2+ 31. Kxg2 Ne3+ 32. Kh1 1-0

[Event "4NCL/Div2/SWD1 vs. NWE2"]
[Site "Birmingham ENG"]
[Date "2005.11.20"]
[Round "4.4"]
[White "Hanley, James"]
[Black "Dineley, Richard D P"]
[Result "1/2-1/2"]
[WhiteElo "2108"]
[BlackElo "2264"]
[PlyCount "70"]
[EventDate "2005.11.20"]
[SourceDate "2005.10.25"]

1. e4 c5 2. Nf3 d6 3. d4 cxd4 4. Nxd4 Nf6 5. Nc3 a6 6. Bg5 e6 7. f4 Qc7 8. Bxf6
gxf6 9. Qd2 Nc6 10. O-O-O Bd7 11. Be2 h5 12. Kb1 Be7 13. Rhe1 Nxd4 14. Qxd4 Qc5
15. Qxc5 dxc5 16. Bf3 O-O-O 17. e5 f5 18. Rd2 Kc7 19. Re3 h4 20. Kc1 Bc6 21.
Rxd8 Rxd8 22. Ne2 Rg8 23. Bxc6 Kxc6 24. g3 c4 25. Kd1 Bc5 26. Rf3 Rh8 27. gxh4
Rxh4 28. h3 Kd5 29. Nc3+ Kd4 30. Ke2 b5 31. Kf1 b4 32. Ne2+ Ke4 33. Kg2 Be3 34.
Ng3+ Kd4 35. Ne2+ Ke4 1/2-1/2

[Event "4NCL/Div2/SWD1 vs. NWE2"]
[Site "Birmingham ENG"]
[Date "2005.11.20"]
[Round "4.5"]
[White "Blackburn, Jonathan L B"]
[Black "Conroy, Mike"]
[Result "1/2-1/2"]
[WhiteElo "2208"]
[BlackElo "2085"]
[PlyCount "115"]
[EventDate "2005.11.20"]
[SourceDate "2005.10.25"]

1. d4 f5 2. g3 Nf6 3. Bg2 g6 4. Nf3 Bg7 5. O-O O-O 6. c4 d6 7. b4 Qe8 8. Bb2
Nc6 9. Qb3 e5 10. dxe5 Nxe5 11. Nd4 c6 12. c5+ d5 13. Nd2 Kh8 14. N2f3 Nc4 15.
Rad1 Nxb2 16. Qxb2 Ne4 17. b5 Bd7 18. bxc6 bxc6 19. Rc1 Qb8 20. Qa3 Qc7 21. e3
Rfb8 22. Rfd1 Rb7 23. Ne1 Rab8 24. Nd3 g5 25. f3 Nf6 26. Nb3 Re8 27. Re1 Re7
28. Nb4 Qb8 29. Na6 Qd8 30. Nd4 Qe8 31. Nc2 Bc8 32. Kh1 f4 33. exf4 gxf4 34.
Qd3 fxg3 35. hxg3 Qh5+ 36. Kg1 Bf5 37. Rxe7 Rxe7 38. Qb3 Bxc2 39. Qxc2 Qe5 40.
Qf2 Nd7 41. Nb4 Qe6 42. f4 a5 43. Nd3 Qe3 44. Qxe3 Rxe3 45. Bh3 Rxg3+ 46. Kh2
Rxd3 47. Bxd7 Bh6 48. Rc2 Bxf4+ 49. Kg2 d4 50. Bxc6 Rc3 51. Rxc3 dxc3 52. Be4
Kg7 53. Kf3 Be5 54. Kg4 Kf6 55. Bxh7 Ke6 56. Kf3 Kd5 57. Ke2 Kxc5 58. Kd3
1/2-1/2

[Event "4NCL/Div2/SWD1 vs. NWE2"]
[Site "Birmingham ENG"]
[Date "2005.11.20"]
[Round "4.6"]
[White "McCarthy, Jim"]
[Black "Kett, Timothy"]
[Result "0-1"]
[WhiteElo "2082"]
[BlackElo "2202"]
[PlyCount "70"]
[EventDate "2005.11.20"]
[SourceDate "2005.10.25"]

1. d4 Nf6 2. Nf3 c5 3. d5 e6 4. Nc3 exd5 5. Nxd5 Nc6 6. Bg5 Be7 7. e3 d6 8.
Nxe7 Qxe7 9. Be2 h6 10. Bh4 Bf5 11. c4 O-O-O 12. a3 g5 13. Bg3 Ne4 14. Nd2 Nxg3
15. hxg3 Kb8 16. Bf3 Ne5 17. e4 Be6 18. Be2 g4 19. Rh5 f6 20. Qa4 Qf7 21. Rh4
f5 22. exf5 Qxf5 23. f4 Nd3+ 24. Kf1 Nxf4 25. gxf4 Qxf4+ 26. Nf3 Qf6 27. Rh1
gxf3 28. Bxf3 Bg4 29. Qb3 Bxf3 30. gxf3 Rde8 31. Rd1 Rhg8 32. Rd2 Rg3 33. Rd3
Qe5 34. Qd1 Qxb2 35. Rd2 Rxf3+ 0-1

[Event "4NCL/Div2/SWD1 vs. NWE2"]
[Site "Birmingham ENG"]
[Date "2005.11.20"]
[Round "4.7"]
[White "James, David J"]
[Black "Whitehead, Mark A"]
[Result "1/2-1/2"]
[WhiteElo "2222"]
[BlackElo "2081"]
[PlyCount "36"]
[EventDate "2005.11.20"]
[SourceDate "2005.10.25"]

1. Nf3 Nf6 2. c4 c5 3. Nc3 Nc6 4. d4 cxd4 5. Nxd4 g6 6. e4 Bg7 7. Nb3 d6 8. Be2
O-O 9. Be3 Be6 10. f3 Na5 11. Nd5 Nd7 12. Nd4 Nc6 13. Nxe6 fxe6 14. Nc3 Qa5 15.
Qd2 Rac8 16. Rc1 e5 17. O-O Nd4 18. Bd3 Nc5 1/2-1/2

[Event "4NCL/Div2/SWD1 vs. NWE2"]
[Site "Birmingham ENG"]
[Date "2005.11.20"]
[Round "4.8"]
[White "Morrison, Lynne"]
[Black "Wilson, Julie"]
[Result "1/2-1/2"]
[WhiteElo "2003"]
[BlackElo "1945"]
[PlyCount "43"]
[EventDate "2005.11.20"]
[SourceDate "2005.10.25"]

1. d4 Nf6 2. Nf3 e6 3. e3 b6 4. Bd3 Bb7 5. Nbd2 d5 6. Qe2 Nbd7 7. e4 dxe4 8.
Nxe4 Be7 9. O-O O-O 10. c3 Rc8 11. Bf4 Nd5 12. Bd2 c5 13. Rad1 cxd4 14. Nxd4 e5
15. Nf5 Rc6 16. Nxe7+ Qxe7 17. Bg5 Qe6 18. Bc2 Nc5 19. Ng3 Rd6 20. Rfe1 f6 21.
Bc1 Qf7 22. Ne4 1/2-1/2

[Event "4NCL/Div2/CAMB1 vs. OXF1"]
[Site "Birmingham ENG"]
[Date "2005.11.20"]
[Round "4.1"]
[White "Dearing, Eddie"]
[Black "Ozeren, Kemal"]
[Result "0-1"]
[WhiteElo "2417"]
[BlackElo "2286"]
[PlyCount "69"]
[EventDate "2005.11.20"]
[SourceDate "2005.10.25"]

1. d4 d5 2. c4 c6 3. Nf3 Nf6 4. Nc3 a6 5. a4 e6 6. Bg5 Nbd7 7. e3 Qa5 8. cxd5
exd5 9. Nd2 Bd6 10. Bd3 O-O 11. O-O Qc7 12. f4 Re8 13. Qf3 Qb6 14. Rab1 c5 15.
Nxd5 Nxd5 16. Qxd5 Qc6 17. Qxc6 bxc6 18. Ne4 Bf8 19. Rfc1 f5 20. Ng3 g6 21. e4
fxe4 22. Bxe4 Bb7 23. dxc5 Nxc5 24. Bc2 Ne6 25. b4 Nxg5 26. fxg5 c5 27. bxc5
Bxc5+ 28. Kh1 Be3 29. Bb3+ Kh8 30. Rc7 Rab8 31. Bf7 Rec8 32. Rbxb7 Rxc7 33.
Rxb8+ Kg7 34. h4 Kxf7 35. Ne4 0-1

[Event "4NCL/Div2/CAMB1 vs. OXF1"]
[Site "Birmingham ENG"]
[Date "2005.11.20"]
[Round "4.2"]
[White "Savage, Ben D"]
[Black "Pinter, Gabor"]
[Result "1/2-1/2"]
[WhiteElo "2310"]
[BlackElo "2353"]
[PlyCount "60"]
[EventDate "2005.11.20"]
[SourceDate "2005.10.25"]

1. e4 c5 2. Nf3 e6 3. d4 cxd4 4. Nxd4 Nf6 5. Nc3 d6 6. g4 a6 7. Bg2 Qc7 8. Be3
Nfd7 9. f4 Nb6 10. Qe2 Nc4 11. Bc1 b5 12. e5 Bb7 13. f5 dxe5 14. fxe6 f6 15.
Nf5 Bb4 16. O-O Ra7 17. Ne4 Bxe4 18. Bxe4 Qb6+ 19. Kh1 Qxe6 20. b3 Nd6 21.
Nxd6+ Bxd6 22. Be3 Rc7 23. Bb6 Rc3 24. Rad1 Be7 25. Ba5 b4 26. a3 Qc8 27. axb4
Nc6 28. Bf5 Qb7 29. Be4 Qc8 30. Bf5 Qb7 1/2-1/2

[Event "4NCL/Div2/CAMB1 vs. OXF1"]
[Site "Birmingham ENG"]
[Date "2005.11.20"]
[Round "4.3"]
[White "Moskovic, David M"]
[Black "Milovanovic, Aleksander"]
[Result "0-1"]
[WhiteElo "2284"]
[BlackElo "2220"]
[PlyCount "98"]
[EventDate "2005.11.20"]
[SourceDate "2005.10.25"]

1. Nf3 d5 2. g3 c5 3. Bg2 Nc6 4. O-O Nf6 5. d3 e6 6. c3 Be7 7. a3 a5 8. a4 b6
9. Na3 Bb7 10. Re1 O-O 11. Qb3 Nd7 12. e4 c4 13. Qd1 cxd3 14. exd5 exd5 15.
Qxd3 Nc5 16. Qc2 Ne6 17. Be3 Bc5 18. Rad1 Rc8 19. Nb5 Qf6 20. Bxc5 Nxc5 21.
Nfd4 Rcd8 22. Nxc6 Bxc6 23. Rd4 Ne6 24. Rd3 Bxb5 25. axb5 d4 26. cxd4 Rxd4 27.
Rxd4 Nxd4 28. Qc3 Nxb5 29. Qxf6 gxf6 30. Re7 Rd8 31. Bb7 Rd6 32. Bf3 f5 33. Kg2
Nd4 34. Bh5 Rf6 35. Rd7 Ne6 36. f4 Nc5 37. Rd5 Na4 38. b3 Nc5 39. Bd1 Ne4 40.
Rd8+ Kg7 41. Kf3 Rc6 42. Ke3 Rc1 43. Bh5 Nc5 44. Rd5 Rc3+ 45. Ke2 Rxb3 46. Rxf5
f6 47. Kd1 a4 48. Rd5 a3 49. Rd2 Rb1+ 0-1

[Event "4NCL/Div2/CAMB1 vs. OXF1"]
[Site "Birmingham ENG"]
[Date "2005.11.20"]
[Round "4.4"]
[White "Shaw, David A"]
[Black "Churm, Rohan M"]
[Result "1/2-1/2"]
[WhiteElo "2200"]
[BlackElo "2166"]
[PlyCount "79"]
[EventDate "2005.11.20"]
[SourceDate "2005.10.25"]

1. e4 e6 2. d4 d5 3. Nc3 Nf6 4. Bg5 Be7 5. e5 Nfd7 6. Bxe7 Qxe7 7. f4 O-O 8.
Nf3 c5 9. Bd3 f6 10. exf6 Qxf6 11. g3 h6 12. dxc5 Nxc5 13. O-O Nc6 14. Qe2 Bd7
15. Rae1 a6 16. Ne5 Nxe5 17. Qxe5 Rac8 18. Qxf6 Rxf6 19. Re5 Rcf8 20. Be2 Na4
21. Nxa4 Bxa4 22. c4 Bc6 23. Bg4 Kf7 24. Rfe1 Re8 25. Bf3 dxc4 26. Bxc6 bxc6
27. Rc5 Rb8 28. Re2 Rf5 29. Rxc4 c5 30. Rec2 Ke7 31. b3 Kd6 32. Ra4 Rb6 33. Ra5
Rd5 34. Kg2 c4 35. Ra3 cxb3 36. axb3 Rd3 37. Rca2 Rdxb3 38. Rxb3 Rxb3 39. Rxa6+
Ke7 40. Ra2 1/2-1/2

[Event "4NCL/Div2/CAMB1 vs. OXF1"]
[Site "Birmingham ENG"]
[Date "2005.11.20"]
[Round "4.5"]
[White "Valden, Petros"]
[Black "Smallbone, Kieran"]
[Result "0-1"]
[WhiteElo "2137"]
[BlackElo "2194"]
[PlyCount "56"]
[EventDate "2005.11.20"]
[SourceDate "2005.10.25"]

1. Nf3 d5 2. c4 c6 3. d4 Nf6 4. e3 Bf5 5. Bd3 Bxd3 6. Qxd3 e6 7. O-O Be7 8. Nc3
Nbd7 9. e4 dxe4 10. Nxe4 Nxe4 11. Qxe4 O-O 12. Bf4 Qa5 13. Rfd1 Rfd8 14. a3 Nf6
15. Qc2 b5 16. Ne5 Rac8 17. b4 Qb6 18. c5 Qb7 19. Rd3 Nd7 20. Rh3 h6 21. Re1
Nxe5 22. Bxe5 Bf8 23. Rg3 Kh8 24. Re4 f6 25. Bf4 Qf7 26. Qe2 Rd5 27. Rxe6 Rxd4
28. Bd6 Qxe6 0-1